01393nam a22002657a 4500003000900000008004100009020001800050040007100068082005000139100002700189245012300216260009300339300003800432500003900470505030600509650001700815650003100832650001500863650002800878650001300906650001400919650001100933710012100944710006201065AR-CdUCM190409b ||||| |||| 00| 0 spa d a9786124453175 aMUNICIPALIDAD PROVINCIAL DEL CUSCOcBIBLIOTECA MUNICIPAL DEL CUSCO a323.6/C548bC5482Segunda edición aumentada aChiaramonti, Gabriella aCiudadanía y representación en el Perú (1808-1860) :blos itinerarios de la soberanía /cGabriella Chiaramonti aLima :bJurado Nacional de Elecciones,bUniversidad Nacional Mayor de San Marcos,c2021. a562 páginas. :bmapas ;c21 cm. zBibliografía: páginas 471-562. aRelata en detalle el origen y desarrollo de la experiencia electoral en el Perú en el contexto del debate entre liberales y conservadores, en el periodo comprendido entre el tardío período virreinal y la década de 1860, con conclusiones que alcanzan hasta la reconstrucción nacional de 1896. aCiudadanía aParticipación política aElecciones aGobierno representativo aHistoria aSiglo XIX aPerú aJurado Nacional de EleccionesbDirección Nacional de Educación y Formación Cívica Ciudadanatentidad editora aUniversidad Nacional Mayor de San Marcostentidad editora